000 00851nam a22002297a 4500
999 _c4228
_d4228
003 AR-CdUCM
008 190308b ||||| |||| 00| 0 spa d
020 _a84-7232-556-3
040 _aMUNICIPALIDAD PROVINCIAL DEL CUSCO
_cBIBLIOTECA MUNICIPAL DEL CUSCO
082 _a778.5 /
_bM16
100 _aMahieu, José Agustín
_913384
245 _aPanorama del cine iberoamericano /
260 _aMadrid :
_bEdiciones de Cultura Hispánica,
_c1990.
300 _a216 páginas ;
_c24 cm.
440 _aEdiciones de Cultura Hispánica.
_nEnsayo
_913385
505 _aContenido: Las cinematografias nacionales -- Argentina -- Brasil -- México -- Chile -- Cuba -- Otras voces, otros ambitos -- Centroamerica ...
650 _aCine
_913177
650 _aAmérica Latina
_91130
650 _aHistoria y crítica
_95993
942 _2ddc
_cLIBROS
945 _azta